000 00711nam a22002177a 4500
999 _c64011
_d64011
005 20240530110710.0
008 180121s2015 ua a g b 000 fdara d
017 _a2015/17668
_bمصر. دار الكتب
020 _a9789770933589
040 _aEG-CaGPL
_cEG-CaGPL
082 0 4 _221
_a818.07\
_bن أ
100 0 _aنجيب محفوظ
245 1 0 _aاحلام فترة النقاهة :
_bالاحلام الاخيرة /
_cنجيب محفوظ .
250 _aط.1
260 _aالقاهرة :
_bدار الشروق ،
_c2015 .
300 _a273 ص. ؛
_c20 سم.
650 0 7 _2qrmak
_aالنثر العربى
651 _2qrmak
942 _2ddc
_cBK